[Event "Moscow-Open 2021_A"]
[Site "Moscow"]
[Date "2021.02.28"]
[Round "9.14"]
[White "Bykov, Egor"]
[Black "Medzinovskiy, Petr"]
[Result "1-0"]
[WhiteElo "2436"]
[BlackElo "2179"]
[PlyCount "101"]
[EventDate "2021.02.20"]

1. Nf3 d5 2. b3 Bg4 3. Bb2 Nf6 4. g3 Bxf3 5. exf3 e6 6. Bg2 g6 7. O-O Bg7 8.
Ba3 Bf8 9. c4 c6 10. d4 Bxa3 11. Nxa3 O-O 12. Nc2 a5 13. Qd2 Nbd7 14. Rfe1 Kg7
15. Rac1 a4 16. c5 axb3 17. axb3 Ra2 18. Ra1 Rxa1 19. Rxa1 b6 20. b4 Qb8 21.
Qc3 Qb7 22. Qa3 Rb8 23. f4 bxc5 24. dxc5 e5 25. fxe5 Nxe5 26. Qc3 Ned7 27. Re1
Nf8 28. g4 Ne6 29. Rxe6 fxe6 30. g5 Qe7 31. Nd4 Rc8 32. Bh3 e5 33. gxf6+ Qxf6
34. Bxc8 exd4 35. Qg3 Qe7 36. Bh3 Qe1+ 37. Bf1 Qxb4 38. Qc7+ Kh6 39. Qxc6 d3
40. Qxd5 Qg4+ 41. Qg2 Qd4 42. Qh3+ Kg7 43. c6 d2 44. c7 d1=Q 45. c8=Q h5 46.
Qg3 Q1g4 47. Qcxg4 hxg4 48. Qe3 Qd1 49. Qe4 Kf6 50. Kg2 Kg5 51. Bd3 1-0

[Event "Moscow-Open 2021_A"]
[Site "Moscow"]
[Date "2021.02.28"]
[Round "9.15"]
[White "Khudyakov, Stanislav"]
[Black "Manelyuk, Daniil"]
[Result "1-0"]
[WhiteElo "2196"]
[BlackElo "2386"]
[PlyCount "83"]
[EventDate "2021.02.20"]

1. d4 Nf6 2. Nc3 c5 3. dxc5 e6 4. e4 Nc6 5. Nf3 Bxc5 6. Bd3 d5 7. O-O dxe4 8.
Nxe4 Nxe4 9. Bxe4 Qe7 10. a3 a5 11. Qd3 h6 12. Be3 O-O 13. Rfd1 Bxe3 14. Qxe3
Re8 15. Bxc6 bxc6 16. Ne5 Ra6 17. Rd2 c5 18. Rad1 Ra8 19. h3 Qc7 20. Qg3 Rf8
21. Rd6 a4 22. Ng4 Kh7 23. Qd3+ Kh8 24. Qe3 Ra6 25. Rxa6 Bxa6 26. Ne5 Kg8 27.
Rd7 Qc8 28. Qf4 Qe8 29. Ra7 Bc8 30. c4 f6 31. Qg3 g5 32. Qd3 f5 33. Qd6 Qd8 34.
Qxc5 Qd2 35. Ng6 Rd8 36. Ne7+ Kf7 37. Nxc8+ Kg6 38. Ne7+ Kh5 39. Qe3 Qd1+ 40.
Kh2 Qd6+ 41. g3 Qd2 42. g4+ 1-0

[Event "Moscow-Open 2021_A"]
[Site "Moscow"]
[Date "2021.02.28"]
[Round "9.16"]
[White "Murtazin, Bulat"]
[Black "Bazyrtsyrenov, Kirill"]
[Result "0-1"]
[WhiteElo "2355"]
[BlackElo "2156"]
[PlyCount "64"]
[EventDate "2021.02.20"]

1. d4 Nf6 2. c4 g6 3. f3 Bg7 4. e4 d6 5. Ne2 O-O 6. Be3 a6 7. Nbc3 Nc6 8. Qd2
Bd7 9. a3 Na5 10. Nc1 c5 11. dxc5 dxc5 12. Bxc5 Rc8 13. Qe3 Rc6 14. Nd5 Re8 15.
Nb4 Re6 16. Be2 Ba4 17. O-O b6 18. Ncd3 bxc5 19. Nxc5 Ng4 20. Qg5 Qd4+ 21. Kh1
Re5 22. Qxg4 Rxc5 23. Nxa6 Rcc8 24. Qg5 Nxc4 25. Rac1 Bf6 26. Qd5 Qxd5 27. exd5
Ne3 28. Rg1 Bxb2 29. Rb1 Bxa3 30. Ra1 Nc2 31. Bd1 Nxa1 32. Bxa4 Nc2 0-1

[Event "Moscow-Open 2021_A"]
[Site "Moscow"]
[Date "2021.02.28"]
[Round "9.17"]
[White "Kavyev, Ruslan"]
[Black "Zhukenov, Aituar"]
[Result "0-1"]
[WhiteElo "2339"]
[BlackElo "2144"]
[PlyCount "78"]
[EventDate "2021.02.20"]

1. d4 Nf6 2. c4 c5 3. d5 e6 4. Nc3 exd5 5. cxd5 d6 6. Nf3 g6 7. Nd2 Bg7 8. e4
O-O 9. Be2 Ne8 10. O-O f5 11. exf5 Bxf5 12. Nc4 Na6 13. Bf4 Rb8 14. a4 Nb4 15.
Nb5 Bd3 16. Bxd6 Bxc4 17. Bxc5 Rf4 18. Re1 Qxd5 19. Qxd5+ Nxd5 20. Bf3 b6 21.
Ba3 a6 22. Nd6 Rxf3 23. gxf3 Nxd6 24. Bxd6 Rd8 25. Be5 Bf8 26. Rad1 Bb3 27. Rd4
Bc5 28. Rde4 Bc2 29. Rc4 Bd3 30. Rh4 Re8 31. Bc3 Rf8 32. Bd4 Be7 33. Rg4 Bf5
34. Rg2 Bb4 35. Re5 Rc8 36. Be3 Ne7 37. h4 Bd6 38. Rxe7 Bxe7 39. Bxb6 Rc1+ 0-1

[Event "Moscow-Open 2021_A"]
[Site "Moscow"]
[Date "2021.02.28"]
[Round "9.18"]
[White "Zakaryan, David"]
[Black "Israfilov, Ali"]
[Result "1-0"]
[WhiteElo "2335"]
[BlackElo "1981"]
[PlyCount "87"]
[EventDate "2021.02.20"]

1. e4 c5 2. Nf3 e6 3. d4 cxd4 4. Nxd4 Qb6 5. Nb3 Qc7 6. Nc3 a6 7. f4 b5 8. Be3
Bb7 9. Bd3 Nf6 10. e5 Nd5 11. Nxd5 Bxd5 12. O-O d6 13. Qh5 dxe5 14. fxe5 g6 15.
Qh4 Bg7 16. Bh6 Qxe5 17. Rae1 Qxb2 18. Bxg7 Qxg7 19. Qb4 Bxb3 20. Be4 Bc4 21.
Bxa8 Qf8 22. Qxf8+ Rxf8 23. Rf4 Bxa2 24. Bb7 Kd8 25. Bxa6 Bc4 26. Bxb5 Bxb5 27.
Rb4 Kc7 28. Rxb5 Nc6 29. Reb1 Nd4 30. R5b4 e5 31. c3 Nc6 32. Rb7+ Kd6 33. R1b6
Kc5 34. Ra6 Kd6 35. c4 Rc8 36. Rxf7 Kc5 37. Rxh7 Kxc4 38. Ra1 Rb8 39. Rg7 Nd4
40. Re1 Re8 41. Rxg6 e4 42. Rc1+ Kd3 43. Rd6 Ke3 44. Rc3+ 1-0

[Event "Moscow-Open 2021_A"]
[Site "Moscow"]
[Date "2021.02.28"]
[Round "9.19"]
[White "Vlassov, Nikolai"]
[Black "Tyurin, Artem"]
[Result "0-1"]
[WhiteElo "2331"]
[BlackElo "2130"]
[PlyCount "46"]
[EventDate "2021.02.20"]

1. g4 d5 2. Bg2 c6 3. h3 e5 4. d4 e4 5. c4 h5 6. Nc3 hxg4 7. Qb3 g3 8. fxg3 Bd6
9. cxd5 Bxg3+ 10. Kd1 Bf2 11. Nxe4 Bxd4 12. Bf4 Ne7 13. Nd6+ Kf8 14. dxc6 Be6
15. Qxb7 Nbxc6 16. Bxc6 Rb8 17. Nxf7 Kxf7 18. Bxb8 Be3+ 19. Bd7 Bxd7 20. Kc2
Bf5+ 21. Kc3 Qa5+ 22. b4 Qa3+ 23. Kc4 Rh4+ 0-1

[Event "Moscow-Open 2021_A"]
[Site "Moscow"]
[Date "2021.02.28"]
[Round "9.20"]
[White "Popov, Maksim"]
[Black "Maltsevskaya, Aleksandra"]
[Result "1-0"]
[WhiteElo "2062"]
[BlackElo "2327"]
[PlyCount "155"]
[EventDate "2021.02.20"]

1. Nf3 c5 2. c4 g6 3. g3 Bg7 4. Bg2 Nc6 5. O-O e5 6. Nc3 d6 7. d3 Nge7 8. Ne1
O-O 9. Nc2 Be6 10. Rb1 d5 11. cxd5 Nxd5 12. a3 Rc8 13. Bd2 b6 14. b4 cxb4 15.
Nxd5 Bxd5 16. Bxd5 Qxd5 17. Nxb4 Nxb4 18. Bxb4 Rfd8 19. Qa4 Qc6 20. Qxa7 Rc7
21. Qa6 Ra8 22. Qc4 Qxc4 23. dxc4 Rxc4 24. Rfd1 Rc2 25. Kf1 Rc6 26. Rd7 Bf8 27.
Bxf8 Kxf8 28. Rb3 Kg7 29. Kg2 Ra5 30. Rb7 Ra4 31. Rf3 Rf6 32. Rxf6 Kxf6 33.
Rxb6+ Kg7 34. Rb3 Kf6 35. Kf3 h5 36. h4 Kf5 37. Ke3 Ra7 38. f3 f6 39. Kd3 g5
40. e4+ Kg6 41. Kc4 Ra8 42. Kc3 Ra4 43. Kb2 Rd4 44. Kc2 Ra4 45. Rc3 Ra8 46. Kb3
Rb8+ 47. Ka2 Ra8 48. Rc4 g4 49. fxg4 hxg4 50. Kb3 Rb8+ 51. Kc2 Ra8 52. a4 f5
53. exf5+ Kxf5 54. Kd3 Rd8+ 55. Kc3 Rd1 56. a5 Rg1 57. Ra4 Rxg3+ 58. Kd2 Rb3
59. a6 Rb8 60. a7 Ra8 61. Ke3 Kf6 62. Kf2 e4 63. Kg3 e3 64. Ra5 Kg6 65. Kg2 Kh6
66. Kg3 Kg6 67. Ra1 Kh5 68. Ra6 e2 69. Ra5+ Kg6 70. Kf2 Kf6 71. Kxe2 Ke6 72.
Kf2 Kd6 73. Kg3 Kc6 74. Kxg4 Kb7 75. h5 Rg8+ 76. Kf5 Ka8 77. h6 Rh8 78. Kg6 1-0

[Event "Moscow-Open 2021_A"]
[Site "Moscow"]
[Date "2021.02.28"]
[Round "9.22"]
[White "Zverev, Lev"]
[Black "Nikologorsky, Matfei"]
[Result "0-1"]
[WhiteElo "1987"]
[BlackElo "2215"]
[PlyCount "72"]
[EventDate "2021.02.20"]

1. e4 c5 2. Nf3 e6 3. d4 cxd4 4. Nxd4 Nc6 5. Nc3 Qc7 6. Be3 a6 7. Qd2 Nf6 8. f4
Bb4 9. Bd3 Ng4 10. Bg1 d6 11. a3 Bc5 12. Nb3 Bxg1 13. Rxg1 Nf6 14. O-O-O O-O
15. g4 b5 16. g5 Ne8 17. Ne2 b4 18. axb4 Qb6 19. c3 a5 20. Nxa5 Nxa5 21. bxa5
Rxa5 22. Bb1 Bb7 23. Qd4 Qa6 24. Qd3 Qb6 25. h4 Rb5 26. Qc2 e5 27. Qd2 Qa7 28.
fxe5 dxe5 29. Qd7 Rb6 30. Ng3 Rd6 31. Qg4 Qe3+ 32. Kc2 Ba6 33. Rxd6 Nxd6 34.
Nf5 Bd3+ 35. Kd1 Nxf5 36. exf5 Bxb1 0-1

[Event "Moscow-Open 2021_A"]
[Site "Moscow"]
[Date "2021.02.28"]
[Round "9.23"]
[White "Babakekhyan, Artem"]
[Black "Parpiev, Isaak"]
[Result "1-0"]
[WhiteElo "2181"]
[BlackElo "1790"]
[PlyCount "169"]
[EventDate "2021.02.20"]

1. Nf3 Nf6 2. g3 e6 3. c4 d5 4. Bg2 Be7 5. O-O O-O 6. d4 dxc4 7. Qa4 Bd7 8.
Qxc4 Bc6 9. Nc3 a6 10. Qd3 b5 11. a3 Bb7 12. Bg5 Nbd7 13. b4 h6 14. Bxf6 Bxf6
15. Rfd1 g6 16. Rac1 Nb6 17. Ne4 Bg7 18. Nc5 Bd5 19. Qb1 Qe7 20. e4 Bc4 21. Nb3
Be2 22. Re1 Bxf3 23. Bxf3 e5 24. d5 Nc4 25. Qa2 Rfc8 26. Bg4 Rf8 27. Nd2 Nd6
28. Rc6 f5 29. Bh3 Ra7 30. exf5 gxf5 31. Nf3 e4 32. Nh4 Qg5 33. Qc2 Rf7 34. Ng2
Be5 35. Qc5 Rb7 36. Rxa6 Qd2 37. Qc1 Qg5 38. Qxg5+ hxg5 39. Ne3 Bd4 40. Nc2 Bb6
41. Rd1 Kh7 42. Ra8 f4 43. Be6 Rf6 44. Kg2 fxg3 45. Kxg3 Bxf2+ 46. Kg4 Bh4 47.
Ne3 Nc4 48. Nf5 Ne5+ 49. Kh5 Nf7 50. Nxh4 Rh6+ 51. Kg4 Rxh4+ 52. Kg3 Rf4 53.
Bxf7 Rxf7 54. Re8 Ra7 55. Rxe4 Rxa3+ 56. Kg4 Kg6 57. Re6+ Rf6 58. Rxf6+ Kxf6
59. d6 cxd6 60. Rxd6+ Ke7 61. Rd5 Ra2 62. h3 Rg2+ 63. Kf3 Rg1 64. Rxb5 Kf6 65.
Rb8 Kf5 66. b5 Rb1 67. Rf8+ Kg6 68. Rb8 Rb3+ 69. Kg2 Rb2+ 70. Kf1 Kf5 71. b6
Ke6 72. Rg8 Kf7 73. Rb8 Ke6 74. Rh8 Kd5 75. Rh6 Kc5 76. Rg6 Rxb6 77. Rxg5+ Kd4
78. Kf2 Rb3 79. h4 Rh3 80. h5 Ke4 81. Kg2 Rh4 82. Kg3 Rh1 83. Ra5 Rg1+ 84. Kh2
Rg4 85. Ra4+ 1-0

[Event "Moscow-Open 2021_A"]
[Site "Moscow"]
[Date "2021.02.28"]
[Round "9.24"]
[White "Dudarev, Vladislav"]
[Black "Zhukov, Anton"]
[Result "0-1"]
[WhiteElo "2031"]
[BlackElo "2237"]
[PlyCount "68"]
[EventDate "2021.02.20"]

1. c4 Nf6 2. Nc3 g6 3. e4 d6 4. d4 Bg7 5. Be2 O-O 6. Bg5 Na6 7. Qd2 c6 8. f4
Nc7 9. d5 cxd5 10. cxd5 b5 11. a3 a5 12. Bxf6 exf6 13. f5 gxf5 14. exf5 Bxf5
15. Qf4 Bg6 16. h4 b4 17. Nd1 h5 18. g4 Re8 19. Nf2 Nxd5 20. Qf3 Ne3 21. gxh5
Bh7 22. h6 Bxh6 23. Ng4 Nxg4 24. Qxg4+ Kh8 25. Kf1 Re4 26. Qh5 Qf8 27. Nf3 Rae8
28. Re1 f5 29. Ng5 Rf4+ 30. Kg2 Bg6 31. Qf3 Rxf3 32. Bxf3 Kg7 33. Bc6 Rxe1 34.
Rxe1 Bxg5 0-1

[Event "Moscow-Open 2021_A"]
[Site "Moscow"]
[Date "2021.02.28"]
[Round "9.25"]
[White "Shoshin, Kirill"]
[Black "Popov, Andrey"]
[Result "1/2-1/2"]
[WhiteElo "2030"]
[BlackElo "2182"]
[PlyCount "101"]
[EventDate "2021.02.20"]

1. d4 g6 2. e4 Bg7 3. Nc3 d5 4. exd5 Nf6 5. Nf3 O-O 6. g3 Nxd5 7. Nxd5 Qxd5 8.
Bg2 Nc6 9. c3 Re8 10. O-O Qh5 11. Bf4 Bg4 12. h3 Bxh3 13. Bxh3 Qxh3 14. Qb3 Qd7
15. Qxb7 Qd5 16. Nd2 Rab8 17. Qa6 e5 18. dxe5 g5 19. Bxg5 Rxe5 20. c4 Qe6 21.
Nf3 Nd4 22. Qxe6 Nxf3+ 23. Kg2 fxe6 24. Bf4 Rf5 25. Kxf3 Rxb2 26. Kg2 Bd4 27.
Rab1 Rxa2 28. Rb8+ Kg7 29. Rb7 e5 30. Rxc7+ Kf6 31. Rd7 Bc5 32. Rd2 Ra4 33. Be3
Bxe3 34. fxe3 Rxf1 35. Kxf1 Rxc4 36. Ra2 Rc7 37. Kg2 Kf5 38. Kf3 e4+ 39. Kg2
Kg4 40. Ra4 Re7 41. Rc4 a6 42. Ra4 Re6 43. Rc4 Kf5 44. Rc5+ Kg4 45. Rc4 a5 46.
Rd4 Re5 47. Ra4 Kf5 48. Kh3 h5 49. Kh4 Ke6 50. g4 hxg4 51. Kxg4 1/2-1/2

[Event "Moscow-Open 2021_A"]
[Site "Moscow"]
[Date "2021.02.28"]
[Round "9.26"]
[White "Plyasunov, Daniil"]
[Black "Chuklin, Ivan"]
[Result "1-0"]
[WhiteElo "2025"]
[BlackElo "2181"]
[PlyCount "89"]
[EventDate "2021.02.20"]

1. Nc3 c5 2. e4 Nc6 3. f4 g6 4. Nf3 Bg7 5. g3 d6 6. Bg2 e6 7. O-O Nge7 8. d3
O-O 9. Be3 Nd4 10. Rb1 Nec6 11. Ne2 Rb8 12. c3 Nxe2+ 13. Qxe2 b5 14. d4 cxd4
15. cxd4 d5 16. e5 a5 17. Rfc1 Qb6 18. Rc5 Bd7 19. Rbc1 Rfc8 20. Bf1 b4 21. f5
exf5 22. Rxd5 Qb7 23. Qa6 Qc7 24. Bf4 Qd8 25. Bb5 Rxb5 26. Rxd7 Qxd7 27. Qxb5
Bf8 28. Kg2 Qe8 29. d5 g5 30. Bxg5 Nxe5 31. Qxe8 Rxe8 32. Nxe5 Rxe5 33. Rd1
Re2+ 34. Kf3 Rxb2 35. d6 Bxd6 36. Rxd6 h5 37. Rd2 Rb1 38. Kf4 Rf1+ 39. Ke5 Kg7
40. Bf4 Rc1 41. Kxf5 a4 42. Be5+ Kh7 43. Rd8 f6 44. Bxf6 Rf1+ 45. Kg5 1-0

[Event "Moscow-Open 2021_A"]
[Site "Moscow"]
[Date "2021.02.28"]
[Round "9.27"]
[White "Chetverik, Maxim"]
[Black "Lupolov, Boris"]
[Result "1/2-1/2"]
[WhiteElo "2159"]
[BlackElo "2045"]
[PlyCount "84"]
[EventDate "2021.02.20"]

1. d4 Nf6 2. c4 e6 3. Nf3 b6 4. Bf4 Bb7 5. e3 Bb4+ 6. Nfd2 O-O 7. a3 Bxd2+ 8.
Nxd2 d6 9. Qc2 Nbd7 10. Bg3 e5 11. d5 Nh5 12. Be2 Qg5 13. Nf3 Qe7 14. Bh4 Qe8
15. g4 Nhf6 16. Nd2 Kh8 17. Bg3 b5 18. g5 Ng8 19. e4 bxc4 20. Nxc4 Ba6 21. Nxd6
cxd6 22. Bxa6 Nc5 23. Bc4 a5 24. b3 f6 25. O-O fxg5 26. b4 Na4 27. Bb3 Nb6 28.
Qc7 Nc8 29. bxa5 h5 30. f3 Qb5 31. Qc4 Qxa5 32. Be1 Qa7+ 33. Bf2 Qd7 34. Be3
Qh3 35. Qe2 g4 36. Qg2 Rxf3 37. Rxf3 Qxf3 38. Qxf3 gxf3 39. Kf2 Nf6 40. Kxf3
Ng4 41. Bg1 Rb8 42. Rb1 Ne7 1/2-1/2

[Event "Moscow-Open 2021_A"]
[Site "Moscow"]
[Date "2021.02.28"]
[Round "9.28"]
[White "Komissarov, Alexey"]
[Black "Oliinyk, Serafim"]
[Result "0-1"]
[WhiteElo "2127"]
[BlackElo "2035"]
[PlyCount "80"]
[EventDate "2021.02.20"]

1. d4 Nf6 2. Nf3 g6 3. Nc3 d5 4. Bf4 Bg7 5. e3 O-O 6. Be2 c6 7. h4 h5 8. Ne5
Nfd7 9. g4 Nxe5 10. Bxe5 Bxg4 11. Bxg4 hxg4 12. Qxg4 Nd7 13. h5 Bxe5 14. dxe5
Nxe5 15. Qg3 Qd6 16. f4 Nc4 17. hxg6 fxg6 18. O-O-O Kg7 19. Rhg1 Rf6 20. a3 Qc5
21. Rd3 Rh8 22. e4 Rh3 23. Qe1 Rxd3 24. cxd3 Qe3+ 25. Kc2 Qxe1 26. Rxe1 d4 27.
Ne2 Ne3+ 28. Kd2 c5 29. b4 Ng2 30. Rf1 cxb4 31. axb4 e5 32. f5 Ra6 33. Rc1 Ra2+
34. Kd1 gxf5 35. Rc7+ Kf6 36. exf5 e4 37. Nxd4 exd3 38. Nf3 Ne3+ 39. Kc1 Nd5
40. Rd7 Rc2+ 0-1

[Event "Moscow-Open 2021_A"]
[Site "Moscow"]
[Date "2021.02.28"]
[Round "9.29"]
[White "Kim, Andrey"]
[Black "Stepanyan, Eva"]
[Result "1-0"]
[WhiteElo "1971"]
[BlackElo "2119"]
[PlyCount "105"]
[EventDate "2021.02.20"]

1. d4 Nf6 2. c4 e6 3. g3 d5 4. Nf3 dxc4 5. Bg2 a6 6. O-O Nc6 7. Bg5 Be7 8. e3
O-O 9. Qc1 h6 10. Bxf6 Bxf6 11. Qxc4 e5 12. d5 Na5 13. Qb4 b6 14. e4 Nb7 15.
Qd2 Nd6 16. Nc3 a5 17. a4 Ba6 18. Rfd1 Kh7 19. h4 g6 20. Qc2 Qe7 21. Rac1 Bg7
22. Re1 Nb7 23. Nb5 Bxb5 24. axb5 Nc5 25. h5 Qd7 26. Qe2 a4 27. Bf1 Rfe8 28.
Qe3 Nb3 29. hxg6+ fxg6 30. Rc6 Bf8 31. Rd1 Na5 32. Rc2 Bd6 33. Kg2 Kg7 34. Be2
Qe7 35. Rh1 Rh8 36. Bd1 Nb7 37. Nh4 Bc5 38. Qf3 Qg5 39. Qc3 Qf6 40. f4 Rhe8 41.
f5 g5 42. Ng6 Nd6 43. Qf3 Ra5 44. Be2 Nf7 45. d6 cxd6 46. Bc4 g4 47. Qxg4 Qg5
48. Qd1 a3 49. Qd5 Nd8 50. Nh4 Kf6 51. Nf3 Qg7 52. Qd2 Rh8 53. b4 1-0

[Event "Moscow-Open 2021_A"]
[Site "Moscow"]
[Date "2021.02.28"]
[Round "9.30"]
[White "Popovich, Alexey"]
[Black "Zemlyanskii, Ivan"]
[Result "1/2-1/2"]
[WhiteElo "2102"]
[BlackElo "1950"]
[PlyCount "116"]
[EventDate "2021.02.20"]

1. e4 c5 2. Nf3 e6 3. g3 Nc6 4. Bg2 Nf6 5. Qe2 d6 6. O-O Be7 7. c3 e5 8. Rd1
O-O 9. d4 cxd4 10. cxd4 exd4 11. Nxd4 Nxd4 12. Rxd4 Bg4 13. Qc2 Nd7 14. h3 Be6
15. Bf4 Qb6 16. Qd2 Ne5 17. Be3 Qa6 18. Nc3 Nc4 19. Qe2 Nxe3 20. Qxe3 Qb6 21.
Re1 Rac8 22. Rd2 Qa5 23. Kh2 Bf6 24. Nd5 Bxd5 25. Rxd5 Qxa2 26. Rxd6 Qxb2 27.
e5 Rfe8 28. e6 fxe6 29. Rxe6 Rf8 30. Re2 Qb5 31. Qxa7 Rce8 32. Rxe8 Rxe8 33.
Rxe8+ Qxe8 34. Qxb7 g6 35. Bd5+ Kh8 36. Kg2 Qf8 37. h4 Qe7 38. Qc8+ Kg7 39. Qg4
h5 40. Qf3 Qd7 41. Bb3 Qe7 42. Bc2 Qe8 43. Qd3 Kh6 44. Qf3 Qe7 45. Qf4+ Kg7 46.
Qc4 Qb7+ 47. Be4 Qe7 48. f4 Qf7 49. Qd3 Qe8 50. f5 gxf5 51. Bxf5 Qa8+ 52. Be4
Qa2+ 53. Kf3 Qe6 54. Kg2 Qa2+ 55. Kh3 Qe6+ 56. Bf5 Qc6 57. Kh2 Qc7 58. Bh7 Qf7
1/2-1/2

[Event "Moscow-Open 2021_A"]
[Site "Moscow"]
[Date "2021.02.28"]
[Round "9.31"]
[White "Gotsiuk, Denis"]
[Black "Shinkarov, Artem"]
[Result "1/2-1/2"]
[WhiteElo "2102"]
[BlackElo "1978"]
[PlyCount "88"]
[EventDate "2021.02.20"]

1. d4 Nf6 2. Bf4 d5 3. e3 e6 4. Nd2 c5 5. c3 Nc6 6. Bd3 Bd6 7. Bxd6 Qxd6 8. f4
b6 9. Ngf3 cxd4 10. cxd4 O-O 11. a3 Bb7 12. Ne5 Ne7 13. Qf3 Ne8 14. Qh5 g6 15.
Qh6 f6 16. O-O Nf5 17. Bxf5 gxf5 18. Nef3 Qe7 19. Rfc1 Nd6 20. Rc2 Rac8 21.
Rac1 Rxc2 22. Rxc2 Rc8 23. Rxc8+ Bxc8 24. h3 Ba6 25. g4 Qg7 26. Qxg7+ Kxg7 27.
Kf2 fxg4 28. hxg4 Bd3 29. Kg3 Be2 30. Ng1 Bd1 31. Nh3 a5 32. Ng1 b5 33. Ngf3
Kf7 34. Kf2 Ke7 35. Nh2 h5 36. gxh5 Bxh5 37. Nhf1 Bd1 38. Ke1 Bc2 39. Ke2 Kf7
40. Ng3 b4 41. axb4 axb4 42. Nh1 Nc4 43. Nxc4 dxc4 44. Kd2 Bg6 1/2-1/2

[Event "Moscow-Open 2021_A"]
[Site "Moscow"]
[Date "2021.02.28"]
[Round "9.33"]
[White "Nikolaev, Matvei"]
[Black "Tarasenko, Iaroslav"]
[Result "1-0"]
[WhiteElo "1925"]
[BlackElo "2060"]
[PlyCount "63"]
[EventDate "2021.02.20"]

1. e4 c5 2. Nf3 d6 3. d4 cxd4 4. Nxd4 Nf6 5. Nc3 a6 6. h3 e5 7. Nde2 b5 8. Ng3
Qc7 9. Bd3 Bb7 10. O-O Nbd7 11. Re1 g6 12. a4 bxa4 13. Nxa4 Bg7 14. Be3 d5 15.
exd5 Nxd5 16. Be4 Nxe3 17. Rxe3 Bxe4 18. Nxe4 O-O 19. Rc3 Qb7 20. Nd6 Qa7 21.
Qe2 Nf6 22. Rd1 Rfd8 23. Rc6 Ne8 24. Nb6 Rab8 25. Nbc8 Qd7 26. Rd3 Bf8 27. Nf5
Rdxc8 28. Rxd7 Rxc6 29. Qxe5 Rbc8 30. Ne7+ Bxe7 31. Qxe7 Rf6 32. c4 1-0

[Event "Moscow-Open 2021_A"]
[Site "Moscow"]
[Date "2021.02.28"]
[Round "9.34"]
[White "Nakonechny, Ignat"]
[Black "Gukhman, Sergey"]
[Result "1-0"]
[WhiteElo "2158"]
[BlackElo "1667"]
[PlyCount "40"]
[EventDate "2021.02.20"]

1. Nf3 Nf6 2. b3 e6 3. Bb2 d5 4. e3 Be7 5. d4 O-O 6. Bd3 b6 7. O-O Bb7 8. Nbd2
Nbd7 9. c4 c5 10. Rc1 Rc8 11. Qc2 g6 12. Qb1 Ne8 13. Rfd1 Bf6 14. Ne5 cxd4 15.
exd4 Nd6 16. Ndf3 Be7 17. Nxd7 Qxd7 18. Ne5 Qe8 19. c5 Nf5 20. cxb6 Ba8 1-0

[Event "Moscow-Open 2021_A"]
[Site "Moscow"]
[Date "2021.02.28"]
[Round "9.35"]
[White "Kalambetov, Anton"]
[Black "Sharikov, Alexander"]
[Result "1/2-1/2"]
[WhiteElo "1916"]
[BlackElo "2170"]
[PlyCount "87"]
[EventDate "2021.02.20"]

1. d4 Nf6 2. Nf3 c5 3. d5 d6 4. c4 g6 5. Nc3 Bg7 6. h3 O-O 7. e4 e6 8. Bd3 exd5
9. exd5 Re8+ 10. Be3 Rxe3+ 11. fxe3 Qe7 12. Qe2 Nbd7 13. O-O Nh5 14. Qf2 Ne5
15. Be2 Nf6 16. Nxe5 Qxe5 17. Bd3 Qe7 18. Rae1 Nd7 19. Kh2 Ne5 20. Be2 Bf5 21.
e4 Bd7 22. g3 h5 23. Nd1 a6 24. Ne3 b5 25. b3 Re8 26. a4 bxa4 27. bxa4 Qd8 28.
Rb1 Kh7 29. Qe1 Qc8 30. g4 Bh6 31. Rb3 Rh8 32. gxh5 Bxh3 33. Rg1 Bf4+ 34. Kh1
Bd7 35. Qh4 g5 36. Rxg5 Bxg5 37. Qxg5 Rg8 38. Qf6 Qc7 39. Nf5 Bxf5 40. Qxf5+
Kh8 41. Qf4 Kh7 42. Qf5+ Kh8 43. Qf6+ Kh7 44. Qf5+ 1/2-1/2

[Event "Moscow-Open 2021_A"]
[Site "Moscow"]
[Date "2021.02.28"]
[Round "9.38"]
[White "Yakimenko, Alexander A"]
[Black "Ekimov, Pavel"]
[Result "1/2-1/2"]
[WhiteElo "2122"]
[BlackElo "1853"]
[PlyCount "101"]
[EventDate "2021.02.20"]

1. e4 e6 2. d4 d5 3. Nc3 Bb4 4. Nge2 Nf6 5. Bg5 h6 6. Bxf6 Qxf6 7. a3 Bxc3+ 8.
Nxc3 dxe4 9. Nxe4 Qg6 10. Ng3 Bd7 11. Bd3 f5 12. Qe2 O-O 13. O-O-O Nc6 14. Bc4
Rae8 15. f4 a6 16. Qd2 b5 17. Be2 Rd8 18. Bf3 Ne7 19. Rhe1 Bc6 20. Bxc6 Nxc6
21. Qf2 Rd6 22. Ne2 Rfd8 23. Rd3 Qf6 24. Red1 Na5 25. Qe1 Nc4 26. Qc3 Qe7 27.
g3 Qd7 28. Ng1 Rc6 29. Qb4 a5 30. Qe1 Qd5 31. Nf3 b4 32. a4 Nd6 33. Ne5 Rb6 34.
b3 Ne4 35. Nc4 Rc6 36. Ne3 Qd7 37. d5 Rd6 38. dxe6 Qxe6 39. Nc4 Rd5 40. Qe3 Qf6
41. Ne5 Rxd3 42. Rxd3 Rxd3 43. cxd3 Nc3 44. Qc5 Qd8 45. Kc2 Qa8 46. Qc4+ Kh7
47. Qc6 Qa7 48. Qg6+ Kg8 49. Qe8+ Kh7 50. Qg6+ Kg8 51. Qe8+ 1/2-1/2

[Event "Moscow-Open 2021_A"]
[Site "Moscow"]
[Date "2021.02.28"]
[Round "9.39"]
[White "Rakitin, Daniil"]
[Black "Indzhiev, Aldar"]
[Result "1/2-1/2"]
[WhiteElo "1851"]
[BlackElo "2109"]
[PlyCount "81"]
[EventDate "2021.02.20"]

1. d4 Nf6 2. c4 e6 3. Nc3 Bb4 4. e3 O-O 5. Qc2 d5 6. a3 Bxc3+ 7. Qxc3 b6 8.
cxd5 exd5 9. Nf3 Bb7 10. Bd3 Nbd7 11. O-O c5 12. dxc5 bxc5 13. Rd1 Qe7 14. b3
Rfd8 15. Bf5 Nf8 16. Bb2 Bc8 17. Bc2 Bg4 18. Qe5 Ne6 19. Qg3 Bh5 20. Qh4 Bg6
21. Bxg6 hxg6 22. b4 c4 23. Nd4 Rac8 24. Rac1 Rd7 25. f3 Nf8 26. Qf2 Rdd8 27.
b5 Re8 28. Re1 N8d7 29. Nc6 Qd6 30. e4 dxe4 31. Rxc4 a6 32. a4 e3 33. Qc2 Nd5
34. g3 N7b6 35. Rd4 axb5 36. axb5 Ra8 37. Re4 Qd7 38. Bd4 f5 39. Rxe8+ Rxe8 40.
Bxb6 Nxb6 41. Qb3+ 1/2-1/2

[Event "Moscow-Open 2021_A"]
[Site "Moscow"]
[Date "2021.02.28"]
[Round "9.40"]
[White "Korshunov, Sergey And"]
[Black "Gorovenko, Darya"]
[Result "1/2-1/2"]
[WhiteElo "1847"]
[BlackElo "2106"]
[PlyCount "87"]
[EventDate "2021.02.20"]

1. d4 Nf6 2. Nf3 g6 3. g3 Bg7 4. Bg2 O-O 5. c4 c6 6. O-O d5 7. Nc3 dxc4 8. Ne5
c5 9. d5 Ne4 10. Bxe4 Bxe5 11. Bh6 Bg7 12. Bxg7 Kxg7 13. Qa4 Bh3 14. Rfd1 Qb6
15. Qxc4 Nd7 16. Bh1 Qb4 17. Qxb4 cxb4 18. Nb5 a6 19. Nd4 Nc5 20. Rac1 Rac8 21.
b3 a5 22. e4 e5 23. Nb5 Nd3 24. Rb1 Nc5 25. Rbc1 Nd3 26. Rb1 Nc5 27. Nd6 Ra8
28. Rbc1 b6 29. Nc4 Nd7 30. Bg2 Bxg2 31. Kxg2 a4 32. f4 f6 33. Kf3 axb3 34.
axb3 Ra2 35. Rd2 Rfa8 36. Rxa2 Rxa2 37. Nxe5 Nc5 38. Nc4 Nxb3 39. Rb1 Rc2 40.
Rxb3 Rxc4 41. Ke3 Kf7 42. Kd3 b5 43. Rb2 Ke7 44. e5 1/2-1/2

[Event "Moscow-Open 2021_A"]
[Site "Moscow"]
[Date "2021.02.28"]
[Round "9.41"]
[White "Tandelov, Arseny"]
[Black "Polukhin, Alexander"]
[Result "0-1"]
[WhiteElo "1657"]
[BlackElo "2105"]
[PlyCount "90"]
[EventDate "2021.02.20"]

1. d4 d5 2. Bf4 Nf6 3. e3 c5 4. Nf3 Nc6 5. Nbd2 Qb6 6. dxc5 Qxb2 7. Rb1 Qc3 8.
Bb5 Qxc5 9. Bxc6+ bxc6 10. O-O Ba6 11. Nb3 Qa3 12. Re1 Ne4 13. Be5 f6 14. Bb2
Qd6 15. Nfd4 e5 16. Nf5 Qd7 17. Ng3 Nxg3 18. hxg3 Bd6 19. e4 d4 20. Qc1 c5 21.
Ba3 Rc8 22. c3 O-O 23. Rd1 Rfd8 24. Qb2 Qa4 25. cxd4 cxd4 26. Bxd6 Rxd6 27.
Rbc1 Rdc6 28. Rxc6 Rxc6 29. Rc1 Rxc1+ 30. Qxc1 Bc4 31. f4 h6 32. Nd2 Be6 33. a3
d3 34. Qc3 Qc2 35. Qa5 exf4 36. gxf4 Qd1+ 37. Kh2 Qe2 38. Qb4 Bg4 39. f5 Kh7
40. Kg3 h5 41. Qc3 Qe3+ 42. Kh2 h4 43. Qc6 Qxd2 44. Qe8 Qf4+ 45. Kg1 Qg5 0-1

[Event "Moscow-Open 2021_A"]
[Site "Moscow"]
[Date "2021.02.28"]
[Round "9.42"]
[White "Rogov, Ivan"]
[Black "Zhukov, Ivan"]
[Result "1/2-1/2"]
[WhiteElo "1633"]
[BlackElo "2050"]
[PlyCount "79"]
[EventDate "2021.02.20"]

1. e4 c5 2. Nf3 d6 3. d4 cxd4 4. Nxd4 Nf6 5. Nc3 a6 6. Be3 e5 7. Nb3 Be6 8. Qd2
Be7 9. O-O-O Nbd7 10. f4 Rc8 11. f5 Bc4 12. h3 b5 13. Bd3 h6 14. Kb1 Qc7 15. a3
Rb8 16. Na2 d5 17. exd5 Bxd5 18. Rhe1 Rc8 19. Nb4 Bb7 20. Re2 O-O 21. Ree1 Rfd8
22. g4 Ne4 23. Qc1 Nec5 24. Nxc5 Nxc5 25. Be2 Be4 26. Bxh6 Nb3 27. Qe3 Bxc2+
28. Nxc2 Qxc2+ 29. Ka2 Rxd1 30. Bxd1 Nc1+ 31. Qxc1 Qxc1 32. Bxc1 Rxc1 33. Rxe5
f6 34. Rd5 Kh7 35. a4 bxa4 36. Bxa4 Rh1 37. Rd3 Rh2 38. Rb3 Bd6 39. Bc6 Kh6 40.
Be8 1/2-1/2